| LEADER |
00713nam0a2200217 450 |
| 001 |
16821688 |
| 010 |
|
|
|a 978-2-7470-3845-4
|b br.
|d 9,9
|
| 100 |
|
|
|a 20110805d2026 u u0frey01 ba
|
| 101 |
0 |
|
|a fre
|
| 102 |
|
|
|a FR
|
| 200 |
0 |
|
|a Sorcière à l'école
|f Serge Bloch, Nicolas Hubesch
|
| 207 |
|
1 |
|a
|
| 210 |
|
|
|a [Paris]
|c Bayard Jeunesse
|d DL 2011
|
| 215 |
|
|
|a 1 vol. (57 p.)
|c ill. en coul., couv. ill. en coul.
|d 21 cm
|
| 225 |
1 |
|
|v 3
|
| 461 |
|
0 |
|t Zouk
|v 3
|
| 700 |
|
0 |
|a Bloch
|b Serge
|f 1956-....
|4 70
|
| 701 |
|
0 |
|a Hubesch
|b Nicolas
|f 1969-....
|4 70
|
| 900 |
|
|
|a Bande Dessinée enfant ado
|
| 901 |
|
|
|a Accessible au prêt
|
| 995 |
|
|
|a Bibliothèque
|c Bibliothèque
|f 024015865
|h 024015865
|k BD BLO
|o p
|q j
|r az
|e Bibliothèque
|